| 000 | nam a22 7a 4500 | ||
|---|---|---|---|
| 999 |
_c331913 _d331913 |
||
| 003 | NUST | ||
| 005 | 20171102104944.0 | ||
| 008 | 171102b xxu||||| |||| 00| 0 eng d | ||
| 040 | _c0 | ||
| 082 | _a628.3 NIS | ||
| 245 |
_aWastewater & Water Treatment (Environmental Technology) ENV-235: _bTextbook Series for Diploma of Associate Engineer |
||
| 260 |
_aIslamabad _bNISTE _c2002 |
||
| 300 | _a264p. | ||
| 500 | _aP.B | ||
| 942 |
_2ddc _cBK _kIESE |
||